000 00202nam a22000857a 4500
008 161130b xxu||||| |||| 00| 0 eng d
100 _91608
_aNCERT
245 _aEconomics-IX
260 _aNew Delhi
_bNCERT
_c2006
999 _c4323
_d4323